[Event "VIE-ch U11"]
[Site "Ho Chi Minh City"]
[Date "2014.07.17"]
[Round "8"]
[White "Do, Hoang Quoc Bao"]
[Black "Vo, Cong Minh"]
[Result "1-0"]
[WhiteElo "1991"]
[BlackElo "1948"]
[PlyCount "43"]
[EventDate "2014.07.13"]
[EventType "swiss"]
[EventRounds "9"]
[EventCountry "VIE"]
[SourceTitle "EXT 2016"]
[Source "ChessBase"]
[SourceDate "2015.10.08"]
[SourceVersion "1"]
[SourceVersionDate "2015.10.08"]
[SourceQuality "1"]

1. e4 c5 2. Nf3 Nc6 3. d4 cxd4 4. Nxd4 d6 5. Nc3 g6 6. f3 Bg7 7. Be3 Bd7 8. Qd2 Nf6 9. 0-0-0 Rc8 10. Kb1 Ne5 11. g4 Nc4 12. Bxc4 Rxc4 13. h4 0-0 14. h5 a6 15. hxg6 fxg6 16. Bh6 Bxh6 17. Qxh6 b5 18. e5 Rxd4 19. Rxd4 dxe5 20. Rdd1 Qc7 21. Nd5 Qc8 22. Nxe7+ 1-0

[Event "VIE-ch U11"]
[Site "Ho Chi Minh City"]
[Date "2014.07.13"]
[Round "2"]
[White "Bui, Huy Hoang"]
[Black "Vo, Cong Minh"]
[Result "0-1"]
[WhiteElo "1980"]
[BlackElo "1948"]
[PlyCount "26"]
[EventDate "2014.07.13"]
[EventType "swiss"]
[EventRounds "9"]
[EventCountry "VIE"]
[SourceTitle "EXT 2016"]
[Source "ChessBase"]
[SourceDate "2015.10.08"]
[SourceVersion "1"]
[SourceVersionDate "2015.10.08"]
[SourceQuality "1"]

1. d4 d5 2. e3 Bf5 3. c4 c6 4. Nc3 e6 5. Bd3 Bxd3 6. Qxd3 Nf6 7. Nf3 Bd6 8. 0-0 0-0 9. e4 dxe4 10. Nxe4 Nxe4 11. Qxe4 Nd7 12. Ng5 Nf6 13. Be3 Nxe4 0-1